00535nam a2200193Ia 450000500170000000800410001702000180005804100120007608200150008810000220010324500670012525000120019226000360020430000200024065000210026065000270028165000210030865000120032920260429111850.0260429s9999||||xx |||||||||||||| ||und|| a9788197240300 aEnglish a537.6bJAI aJain, Vimal Kumar 0aThermal physics and statistical mechanics / cVimal Kumar Jain a1st ed. aNew Delhi : bAne Books,c2025. axii, 300 p.; hb a Electrodynamics a Statistical mechanics a Thermal physics aPhysics